02843nam a2200277 4500001000800000005001700008007000300025008004100028040000800069041000800077100004700085245009900132246008900231300001900320520098200339520090101321650002902222650002902251650003202280650002302312650002502335650003102360773012602391942003102517999001702548ESSALUD20260701103553.0ta t pe ||||| |||| 00| 0 spa d aBMG aspa aRioja Bermúdez, Alexander eAutor947321 aEstrategias de litigación y teoría del caso bPerspectivas en el modelo de oralidad civil  aLitigation Strategies and Case Theory bPerspectives within the civil orality model  apáginas 9-21 aEl autor considera que la teoría del caso trasciende la dicotomía entre "verdad" y "estrategia", demostrando que en el Derecho Procesal la verdad solo es procesalmente relevante cuando se presenta a través de un planteamiento estraté­gico que cumpla con los estándares de sencillez, lógica y suficiencia jurídica, convir­tiendo al abogado en un profesional que no solo conoce la ley, sino que sabe narrar y probar. Asimismo, refiere que la utilidad de una teoría del caso correctamente estructurada trasciende la mera redacción de la demanda, convirtiéndose en el mapa estratégico que guía toda la actividad en el proceso civil, en la medida en que una de sus funciones primordiales es planificar y organizar los alegatos de apertura. Todo ello, afirma, es vital en el nuevo modelo de oralidad, pues permite al abogado presentar una hipótesis coherente que capture la atención del juez desde el primer contacto directo en la audiencia preliminar.  aThe author posits that the cose theory tronscends the dichotomy between "truth" ond "strotegy," demonstroting thot in procedurol low, truth is only relevant when presented through a strotegic fromework that meets the standards of simp/icity, /ogic, and legal sufficiency. This tronsforms the lawyer into o professiono/ who not on/y knows the /ow but a/so masters norrotion and evidence. Furthermore, the author notes thot the utility of a proper/y structured cose theory goes beyond the mere drofting of the complaint; it serves os the strotegic roodmap guiding al! octivity within the civil proceedings, os one of its primory functions is to pion and organize the opening stotements. Al! of this, he osserts, is vital in the new orolity model, os it al/ows the /owyer to present o coherent hypothesis thot captures the judge's ottention from the first direct contoct at the preliminary hearing.  aTEORÍA DEL CASO952919 aLITIGACIÓN ORAL952920 aAUDIENCIA PRELIMINAR952921 aCASE THEORY952922 aORAL ADVOCACY953037 aPRELIMINARY HEARING9529240 022573922620dLima Grupo Praxis Formación Profesional, 2026-oPRA001tPraxis Civil & Procesal CivilwESSALUDx3119-7671 cARTICULOSe2026-06-30zsqb c22574d22574